Normal view
MARC view
- Rumbaugh, James Jacobson, Ivar
Entry Corporate Name
001 - CONTROL NUMBER
- control field: 112564
003 - CONTROL NUMBER IDENTIFIER
- control field: NUST
005 - DATE AND TIME OF LATEST TRANSACTION
- control field: 20230524131551.0
008 - FIXED-LENGTH DATA ELEMENTS
- fixed length control field: 230524|| aca||aabn | a|a d
040 ## - CATALOGING SOURCE
- Original cataloging agency: NUST
- Transcribing agency: NUST
110 ## - HEADING--CORPORATE NAME
- Corporate name or jurisdiction name as entry element: Rumbaugh, James Jacobson, Ivar
670 ## - SOURCE DATA FOUND
- Source citation: Work cat.: (NUST): Booch, Grady 80844, The Unified Modeling Language User Guide, 2012.
